Postupy práce pri detailných testoch vecnej správnosti (metodický návod)

Metóda výberového overovania. Metodický príklad na výber vzorky a vyhodnotenia jej testovania.

Na minha lista:
Detalhes bibliográficos
Autor principal: Maděra, František
Formato: Capítulo de Livro
Idioma:eslovaco
Assuntos:
Tags: Adicionar Tag
Sem tags, seja o primeiro a adicionar uma tag!

MARC

LEADER 00000naa a2200000 4500
001 0242513
005 20240502073937.5
041 0 |a slo 
044 |a SK 
245 1 0 |a Postupy práce pri detailných testoch vecnej správnosti  |b (metodický návod)  |c František Maděra 
520 |a Metóda výberového overovania. Metodický príklad na výber vzorky a vyhodnotenia jej testovania. 
610 2 0 |a závierka účtovná 
610 2 0 |a audítori 
610 2 0 |a jednotka účtovná 
610 2 0 |a testovanie hypotéz 
100 1 |a Maděra, František